Education in Northern Rhodesia (Record no. 41146)

MARC details
000 -LEADER
fixed length control field 00707nam a2200169 a 4500
008 - FIXED-LENGTH DATA ELEMENTS--GENERAL INFORMATION
fixed length control field 080109s1963 ||||||||||||||||| || u
050 ## - LIBRARY OF CONGRESS CALL NUMBER
Classification number UNESCO(02)
110 ## - MAIN ENTRY--CORPORATE NAME
Corporate name or jurisdiction name as entry element Unesco. Planning Mission
245 10 - TITLE STATEMENT
Title Education in Northern Rhodesia
Statement of responsibility, etc. Prepared by the Unesco Planning Mission, 28th September - 2nd December 1963
246 ## - VARYING FORM OF TITLE
Title proper/short title a report and recommendations
260 ## - PUBLICATION, DISTRIBUTION, ETC.
Place of publication, distribution, etc. Lusaka
Name of publisher, distributor, etc. Government Printer
Date of publication, distribution, etc. 1963
300 ## - PHYSICAL DESCRIPTION
Extent xii, 121p. : ill.
350 ## - PRICE (NR) (BK AM CF MU VM SE) [OBSOLETE]
Price 0.00
650 #0 - SUBJECT ADDED ENTRY--TOPICAL TERM
Topical term or geographic name entry element EDUCATIONAL TESTS AND MEASUREMENTS
650 ## - SUBJECT ADDED ENTRY--TOPICAL TERM
Topical term or geographic name entry element EDUCATION--ZAMBIA
995 ## - RECOMMENDATION 995 [LOCAL, UNIMARC FRANCE]
-- 0.00
-- CBU-MAIN LIBRARY (Kitwe)
-- 1
-- 0.00
-- 1
-- AVAILABLE
-- Mar 29, 2010
-- International Publications
Holdings
Withdrawn status Lost status Source of classification or shelving scheme Damaged status Not for loan Home library Current library Shelving location Date acquired Total Checkouts Full call number Barcode Date last seen Price effective from Koha item type
          CBU-MAIN LIBRARY, KITWE. CBU-MAIN LIBRARY, KITWE.   11/30/2022   UNESCO(02) 03006114 11/30/2022 11/30/2022 MONOGRAPH